1368 1592 1861 1665 1645 1111 1440 1930 1607 1942 1690 1934 1435 1732 1083 1646 1402 1150 1938 1989 1642 1560 1730 1491 1629 1945 1578 1139 1259 1972 1073 1795 1855 1738 1761 1374 1827 1485 1424 1892 1409 1372 1715 1000 1382 1317 1589 1932 1057 1234 1395 1220 1543 1777 1682 1020 1505 1078 1904 1193 1050 1741 1623 1081 1341 1498 1926 1957 1424 1436 1402 1197 1849 1125 1354 1036 1831 1042 1450 1133 1440 1526 1349 1834 1216 1879 1726 1525 1351 1325 1971 1108 1139 1253 1275 1379 1018 1080 1388 BCNSPRNW ULIB Ver.6.0+V

เปลี่ยนเป็นภาษาไทย

Change to English
 แสดงรายละเอียดบรรณานุกรม
  กลับหน้าหลัก

Brief Record : Get Marc (ISO 2709) : E-mail record : QR code < ปิดหน้าต่าง
LEADER : 00000nam 2200000uu 4500
001    13399114205
003     ULIB
008    120302s2554||||th 000 0 tha d
020    ^a9789741114863
060 04 ^aWA100^bL784 ล.3 2554
245 00 ^aLive long & strong. ^nเล่ม 3, ^pสูงวัย /^cบรรณาธิการ,
246 14 ^aLive long & strong. ^nเล่ม 3, ^pสูงวัย :
250    ^aพิมพ์ครั้งที่ 1
260    ^aกรุงเทพฯ :^bศูนย์เสริมพลังสร้างสุขภาพ
300    ^a160 หน้า :^bภาพประกอบ ;^c21 ซม.
490 1  ^aคู่มือดูแลสุขภาพกายและใจจาก 3 คณะแพทย์จุฬาฯ รามาฯ ศิริราช
505 0  ^aล.1. ^tวัยเด็ก คู่มือดูแลสุขภาพแรกเกิด-วัยรุ่น -- ล.2.
650  4 ^aสุขภาพ
650  4 ^aการดูแลสุขภาพด้วยตนเอง
650  4 ^aผู้สูงอายุ^xสุขภาพและอนามัย
653    ^aผลงานอาจารย์คณะแพทยศาสตร์ศิริราชพยาบาล
700 0  ^aชิษณุ พันธุ์เจริญ,^eบรรณาธิการ
700 0  ^aกุลภา ศรีสวัสดิ์,^eบรรณาธิการ
700 0  ^aสิรินทร ฉันศิริกาญจน,^eบรรณาธิการ
710 2  ^aมหาวิทยาลัยมหิดล. ^bคณะแพทยศาสตร์โรงพยาบาลรามาธิบดี
710 2  ^aมหาวิทยาลัยมหิดล. ^bคณะแพทยศาสตร์ศิริราชพยาบาล
710 2  ^aจุฬาลงกรณ์มหาวิทยาลัย. ^bคณะแพทยศาสตร์
830  0 ^aคู่มือดูแลสุขภาพกายและใจจาก 3 คณะแพทย์จุฬาฯ รามาฯ ศิริราช
945    ^p0^l0^i18861
945    ^p0^l0^i18862
995    ^aกัณชพร
999 ^a ใช้งานได้ทุกระบบ
รายการนี้ยังไม่มีแท็ก
คุณยังไม่ได้ล็อกอิน คุณสามารถมีกิจกรรมร่วมกับเว็บไซต์ได้ แต่ต้องล็อกอินก่อน ::
  ล็อกอิน

รายการสื่อสารสนเทศ

ลำดับที่ ประเภท เลขเรียก/บาร์โค้ด สถานที่ สถานะ
1. วิทยาศาสตร์การแพทย์ และสุขภาพ
วิทยาศาสตร์การแพทย์ และสุขภาพ
WA100 L784 ล.3 2554  
  Barcode: 18861
ห้องสมุดวิทยาเขตนครสวรรค์
►ส่วนจัดเก็บหนังสือเก่า นว.
บนชั้น
  ขอยืม
2. วิทยาศาสตร์การแพทย์ และสุขภาพ
วิทยาศาสตร์การแพทย์ และสุขภาพ
WA100 L784 ล.3 2554 ฉ.2 
  Barcode: 18862
ห้องสมุดวิทยาเขตนครสวรรค์
►ส่วนจัดเก็บหนังสือเก่า นว.
บนชั้น
  ขอยืม

รายการใกล้เคียง
    หัวเรื่อง [สุขภาพ]
    หัวเรื่อง [การดูแลสุขภาพด้วยตนเอง]

BibComment


ยังไม่เคยถูกคอมเมนท์

คอมเมนท์ทรัพยากรรายการนี้
  คอมเมนท์: Live long stron..


 Copyright 2026. Bcnsprnw @Library